Ten Black Dots (Record no. 11728)

MARC details
000 -LEADER
fixed length control field 00244nam a22000977a 4500
008 - FIXED-LENGTH DATA ELEMENTS--GENERAL INFORMATION
fixed length control field 200113b ||||| |||| 00| 0 eng d
020 ## - INTERNATIONAL STANDARD BOOK NUMBER
International Standard Book Number 0590464795
100 ## - MAIN ENTRY--PERSONAL NAME
Personal name Crews Donald
9 (RLIN) 7417
245 ## - TITLE STATEMENT
Title Ten Black Dots
260 ## - PUBLICATION, DISTRIBUTION, ETC. (IMPRINT)
Place of publication, distribution, etc. New York
Name of publisher, distributor, etc. Scholastic
Date of publication, distribution, etc. 1968
Holdings
Withdrawn status Lost status Source of classification or shelving scheme Damaged status Koha normalized classification for sorting Not for loan Home library Current library Shelving location Date acquired Total Checkouts Full call number Barcode Date last seen Price effective from Koha item type
    Dewey Decimal Classification   513_211000000000000_JUNLIB   Good Samaritan School Library Good Samaritan School Library FICTION 01/13/2020   513.211 JUNLIB CRE15777 01/13/2020 01/13/2020 BOOK

Powered by Koha